000
00322nam a22001337a 4500
008
181009b xxu||||| |||| 00| 0 eng d
020
_a
0815126506
041
_a
eng
080
_a
616.073
100
_a
6
101
_a
RAD
245
_a
Radiographic Positions and Radiologic Procedures
_c
Ballinger, P.W
942
_2
udc
_c
BK
999
_c
49111
_d
49111